000 00856cam a22002653a 4500
001 10417
003 PGUSA
005 20140828083224.0
008 031201s2003||||xxu|||||s|||||000 | eng d
040 _aPGUSA
_beng
042 _adc
050 4 _aBF
050 4 _aBJ
100 1 _aHubbard, Elbert,
_d1856-1915
245 1 0 _aLove, Life and Work :
_bBeing a Book of Opinions Reasonably Good-Natured Concerning How to Attain the Highest Happiness for One's Self with the Least Possible Harm to Others
_h[electronic resource] /
_cElbert Hubbard
260 _bProject Gutenberg,
_c2003
506 _aPublic domain in the USA.
516 _aElectronic text
653 _aHappiness
653 _aConduct of life
740 0 _aLove, Life and Work
830 0 _aProject Gutenberg
_v10417
856 4 0 _uhttp://www.gutenberg.org/ebooks/10417
942 _cEB
999 _c239672
_d239672